Spell the Hardest Capital of South Africa - Statistics

General Stats
  • This quiz has been taken 202 times
  • The average score is 10 of 12
Answer Stats
Capital % Correct
B
100%
l
91%
o
90%
e
86%
m
84%
f
82%
o
79%
t
79%
n
78%
e
74%
i
74%
n
74%
No matching quizzes found
Score Distribution
Percent of People with Each Score
Percentile by Number Answered
Your Score History
You have not taken this quiz